000 01217nac a22004450a 4500
001 PT53652
003 AR-LpoUNG
005 20210201005526.0
008 201001s2012||||ag |||||||||||||||||spa d
020 _a9789871496297
_c$28
040 _aAR-LpoUNG
_bspa
_eaacr
041 _aspa
044 _aag
082 0 _a980.03 617v2
100 1 _aAnsaldi, Waldo
245 1 0 _aDe las sociedades de masas a las sociedades en proceso de reestructuración
250 _a1ra ed.
260 _aBuenos Aires :
_bAriel,
_c2012.
300 _a749 p. :
_bil., tbls.
_a(2
_fVolúmenes)
_3Impreso
490 0 _aAmérica Latina : la construcción del orden
650 4 _aAMERICA LATINA
650 4 _aANALISIS HISTORICO
650 4 _aASPECTOS ECONOMICOS
650 4 _aCAMBIO SOCIAL
650 4 _aCOLONIALISMO
650 4 _aCOMUNIDADES
650 4 _aDICTADURA
650 4 _aESTADO
650 4 _aGUERRA CIVIL
650 4 _aHISTORIA POLITICA
650 4 _aPOBLACION INDIGENA
650 4 _aREFORMA POLITICA
650 4 _aREVOLUCION
650 4 _aSOCIEDAD
651 4 _aDOCUMENTOS TEORICOS O METODOLOGICOS
653 _aOLIGARQUIA
700 1 _aGiordano, Verónica
905 _a53652
942 _cLIB
999 _c50044
_d50044